| 000 -LEADER |
| fixed length control field |
01089pab a2200181 454500 |
| 008 - FIXED-LENGTH DATA ELEMENTS--GENERAL INFORMATION |
| fixed length control field |
180718b2002 xxu||||| |||| 00| 0 eng d |
| 100 ## - MAIN ENTRY--PERSONAL NAME |
| Personal name |
Maheshwari, Asha |
| 245 ## - TITLE STATEMENT |
| Title |
Economic reforms and rural poverty |
| 260 ## - PUBLICATION, DISTRIBUTION, ETC. |
| Date of publication, distribution, etc. |
2002 |
| 300 ## - PHYSICAL DESCRIPTION |
| Extent |
1676-685. |
| 362 ## - DATES OF PUBLICATION AND/OR SEQUENTIAL DESIGNATION |
| Dates of publication and/or sequential designation |
27 April |
| 520 ## - SUMMARY, ETC. |
| Summary, etc. |
With the launching of structural reforms by the government in mid-1991, rural poverty rose sharply in 1992. In 1991-92, there was also rainfall deficiency. So, was the rise in poverty on account of bad weather conditions, or due to economic reforms? The analysis in this paper reveals that rainfall deficiency by itself would not have led to the sharp rise in poverty. Government policy - not necessarily the fiscal contraction of 1991-92, was important. For the reversal in the trend of rural poverty in 1993-94 fiscal expenditure was important. However, even all these factors together leave a large part of poverty changes unexplained. - Reproduced. |
| 650 ## - SUBJECT ADDED ENTRY--TOPICAL TERM |
| Topical term or geographic name entry element |
Rural poor |
| 650 ## - SUBJECT ADDED ENTRY--TOPICAL TERM |
| Topical term or geographic name entry element |
Poverty |
| 650 ## - SUBJECT ADDED ENTRY--TOPICAL TERM |
| Topical term or geographic name entry element |
Economic reform |
| 773 ## - HOST ITEM ENTRY |
| Main entry heading |
Economic and Political Weekly |
| 909 ## - |
| -- |
52220 |